<?xml version="1.0" encoding="UTF-8"?>
<record
    xmlns:xsi="http://www.w3.org/2001/XMLSchema-instance"
    xsi:schemaLocation="http://www.loc.gov/MARC21/slim http://www.loc.gov/standards/marcxml/schema/MARC21slim.xsd"
    xmlns="http://www.loc.gov/MARC21/slim">

  <leader>01775nam a22001457a 4500</leader>
  <controlfield tag="005">20230620124740.0</controlfield>
  <controlfield tag="008">230620b           ||||| |||| 00| 0 eng d</controlfield>
  <datafield tag="020" ind1=" " ind2=" ">
    <subfield code="a">9789964392734</subfield>
  </datafield>
  <datafield tag="100" ind1=" " ind2=" ">
    <subfield code="9"> Asiedu, Christiana</subfield>
  </datafield>
  <datafield tag="245" ind1=" " ind2=" ">
    <subfield code="a">Nursing practice and public health administration/</subfield>
    <subfield code="c">Christiana Asiedu</subfield>
  </datafield>
  <datafield tag="260" ind1=" " ind2=" ">
    <subfield code="a">Ghana</subfield>
    <subfield code="b">University Press</subfield>
    <subfield code="c">2017</subfield>
  </datafield>
  <datafield tag="300" ind1=" " ind2=" ">
    <subfield code="a">iv, 518p.</subfield>
  </datafield>
  <datafield tag="505" ind1=" " ind2=" ">
    <subfield code="a">Contents:Change -- Facilitative supervision -- Administration, organization and management -- Leadership in organizations -- Organizational climate and culture -- Relationship between school and community -- Financial management -- Procurement -- Motivation theories -- Performance appraisals -- Team work -- Communication in organization -- School research -- Policies in health training institutions and authority -- Research and teaching of management -- Authority -- Managing ineffective performers -- Delegation (Part 1) -- Monitoring and evaluation -- How to retain good workers -- Sustainable development goals -- Ministry of health Ghana -- Health teams -- Health indices -- Statistical data -- Planning of health programmes -- Birth and death registration -- Stress management -- Time management -- Leadership -- Managing resources -- Problem solving -- Job description -- Therapeutic communication and health care communication -- Conflict and conflict resolution -- National Health Insurance Scheme (Ghana) -- Nursing administration and management -- Nature, purpose and scope of administration -- Delegation (Part 2) -- Human relation -- Nursing administration in service institutions -- Personnel management -- Suppliers and equipment management -- Record and reports -- Ward management and role of in-charge -- Decision-making -- Power. </subfield>
  </datafield>
  <datafield tag="942" ind1=" " ind2=" ">
    <subfield code="2">lcc</subfield>
    <subfield code="c">BK</subfield>
    <subfield code="h">RA425.A83</subfield>
  </datafield>
  <datafield tag="999" ind1=" " ind2=" ">
    <subfield code="c">9771</subfield>
    <subfield code="d">17271</subfield>
  </datafield>
  <datafield tag="952" ind1=" " ind2=" ">
    <subfield code="0">0</subfield>
    <subfield code="1">0</subfield>
    <subfield code="2">lcc</subfield>
    <subfield code="4">0</subfield>
    <subfield code="7">0</subfield>
    <subfield code="a">WIUC-1</subfield>
    <subfield code="b">WIUC-1</subfield>
    <subfield code="c">NURS L.</subfield>
    <subfield code="d">2023-06-20</subfield>
    <subfield code="o">RA425.A83</subfield>
    <subfield code="p">NURS/710/007/22</subfield>
    <subfield code="r">2023-06-20 00:00:00</subfield>
    <subfield code="t">1</subfield>
    <subfield code="w">2023-06-20</subfield>
    <subfield code="y">BK</subfield>
  </datafield>
  <datafield tag="952" ind1=" " ind2=" ">
    <subfield code="0">0</subfield>
    <subfield code="1">0</subfield>
    <subfield code="2">lcc</subfield>
    <subfield code="4">0</subfield>
    <subfield code="7">0</subfield>
    <subfield code="a">WIUC-1</subfield>
    <subfield code="b">WIUC-1</subfield>
    <subfield code="c">NURS L.</subfield>
    <subfield code="d">2023-06-20</subfield>
    <subfield code="o">RA425.A831</subfield>
    <subfield code="p">NURS711/008/22</subfield>
    <subfield code="r">2023-06-20 00:00:00</subfield>
    <subfield code="t">2</subfield>
    <subfield code="w">2023-06-20</subfield>
    <subfield code="y">BK</subfield>
  </datafield>
  <datafield tag="952" ind1=" " ind2=" ">
    <subfield code="0">0</subfield>
    <subfield code="1">0</subfield>
    <subfield code="2">lcc</subfield>
    <subfield code="4">0</subfield>
    <subfield code="7">0</subfield>
    <subfield code="a">WIUC-1</subfield>
    <subfield code="b">WIUC-1</subfield>
    <subfield code="c">NURS L.</subfield>
    <subfield code="d">2023-06-20</subfield>
    <subfield code="o">RA425.A832</subfield>
    <subfield code="p">NURS/712/009/22</subfield>
    <subfield code="r">2023-06-20 00:00:00</subfield>
    <subfield code="t">3</subfield>
    <subfield code="w">2023-06-20</subfield>
    <subfield code="y">BK</subfield>
  </datafield>
</record>
